000 00822nas a2200289 4500
001 BR2012004000
003 BR-BrBNA
005 20231205120657.0
007 ta
008 230509b bl.|||p| |||| 00| 00por d
040 _aBR-BrBNA
_bpor
_cBiblioteca Nacional de Agricultura
041 _a(Pt)
072 _aF02
100 1 _aMalagi, G.
100 1 _aCitadin, I.
100 1 _aScariotto, S.
100 1 _aWagner Júnior, A.
100 1 _aSachet, M.R.
245 1 _aEnxertia interespecífica de jabuticabeira: influência do tipo de garfo
650 _aJABUTICABA
650 _aENXERT
650 _aGARFAGEM
650 _aDIÂMETRO
773 0 _tCiência Rural (Brazil)
_xISSN 0103-8478
_g(Feb 2012), v. 42(2) p. 221-224
_wBR2012004000
909 _a202311
_bLúcia
_c55
_dLúcia Elande
942 _2AGRIS
_n0
_cANA
999 _c219719
_d219719